| 000 | 01543nam a2200253 a 4500 | ||
|---|---|---|---|
| 001 | 80234 | ||
| 003 | BD-RjUL | ||
| 005 | 20220825103714.0 | ||
| 008 | 220824s2022 |||||||| |||| 00| 0 ben d | ||
| 020 | _a9789843520944 | ||
| 035 | _a(BD-RjUL)80234 | ||
| 040 |
_aBD-RjUL _beng _cBD-RjUL |
||
| 041 | _aben | ||
| 082 |
_223 _a954.9205092 _bMUJ 2022 |
||
| 245 |
_aমুজিব চিরন্তন : _bঐতিহাসিক দশ দিন ১৭ই মার্চ ২০২১- ২৬ শে মার্চ ২০২১ / _cপ্রধান সম্পাদনা উপদেষ্টা শেখ হাসিনা; সম্পাদনা উপদেষ্টা রফিকুল ইসলাম; সম্পাদক কামাল আবদুল নাসের চৌধুরী |
||
| 260 |
_aঢাকা : _bজাতির পিতা বঙ্গবন্ধু শেখ মুজিবুর রহমানের জন্মশতবার্ষিকী উদযাপন জাতিয় বাস্তবায়ন কমিটি, _c২০২২ |
||
| 300 |
_a৩৫৬ পৃ.: _bচিত্রসমূহ; _c২২ সেমি. |
||
| 600 |
_aমুজিবুর রহমান , শেখ, _d১৯২০-১৯৭৫ |
||
| 600 |
_aMujibur Rahman, Sheikh, _d1920-1975 |
||
| 700 |
_aহাসিনা, শেখ _9954 |
||
| 700 |
_aইসলাম, রফিকুল _94491 |
||
| 700 |
_aচৌধুরী, কামাল আবদুল নাসের _91705 |
||
| 942 |
_2ddc _cBK |
||
| 999 |
_c80234 _d80234 |
||